[Event "BL2-Nord 1819"]
[Site "Germany"]
[Date "2019.03.24"]
[Round "10.8"]
[White "Steinhagen, Bernd"]
[Black "Mueller, Fabian"]
[Result "0-1"]
[WhiteElo "2254"]
[BlackElo "2343"]
[PlyCount "80"]
[EventDate "2018.11.10"]
[EventType "team-tourn"]
[EventRounds "10"]
[EventCountry "GER"]
[SourceTitle "CBM 190 Extra"]
[Source "ChessBase"]
[SourceDate "2019.07.15"]
[SourceVersion "1"]
[SourceVersionDate "2019.07.15"]
[SourceQuality "1"]
[WhiteTeam "Berlin Rotation"]
[BlackTeam "St Pauli"]
[WhiteTeamCountry "GER"]
[BlackTeamCountry "GER"]

1. c4 e5 2. Nc3 Bb4 3. g3 Nf6 4. Bg2 0-0 5. e4 Re8 6. Nge2 c6 7. 0-0 d6 8. d3 Be6 9. h3 Qd7 10. Kh2 d5 11. exd5 cxd5 12. Qb3 Na6 13. cxd5 Bf5 14. Bg5 Bxd3 15. Bxf6 gxf6 16. Ne4 Bxe4 17. Bxe4 f5 18. Bg2 Bd6 19. Nc3 Rac8 20. Rac1 Nc5 21. Qb5 Qe7 22. b4 a6 23. Qe2 Nd7 24. a3 Qg5 25. Qd1 e4 26. Ne2 Ne5 27. Nf4 Nc4 28. h4 Qf6 29. Qh5 Bxf4 30. gxf4 Qg6 31. Qe2 Nd6 32. Rxc8 Rxc8 33. Bxe4 Qh6 34. Rg1+ Kf8 35. Bg2 Qxf4+ 36. Kh3 Rc3+ 37. f3 Ne4 38. Qe1 Rc1 39. fxe4 Rxe1 40. Rxe1 Qg4+ 0-1

[Event "BL2-Nord 1819"]
[Site "Germany"]
[Date "2019.02.24"]
[Round "8.8"]
[White "Kopylov, Daniel"]
[Black "Steinhagen, Bernd"]
[Result "1-0"]
[WhiteElo "2227"]
[BlackElo "2254"]
[PlyCount "66"]
[EventDate "2018.11.10"]
[EventType "team-tourn"]
[EventRounds "10"]
[EventCountry "GER"]
[SourceTitle "CBM 190 Extra"]
[Source "ChessBase"]
[SourceDate "2019.07.15"]
[SourceVersion "1"]
[SourceVersionDate "2019.07.15"]
[SourceQuality "1"]
[WhiteTeam "Norderstedt"]
[BlackTeam "Berlin Rotation"]
[WhiteTeamCountry "GER"]
[BlackTeamCountry "GER"]

1. e4 c5 2. Nf3 Nc6 3. d4 cxd4 4. Nxd4 Nf6 5. Nc3 e6 6. Ndb5 Bb4 7. a3 Bxc3+ 8. Nxc3 d5 9. exd5 exd5 10. Bd3 0-0 11. 0-0 d4 12. Ne4 Bf5 13. Bg5 Bxe4 14. Bxe4 h6 15. Bh4 g5 16. Bxc6 bxc6 17. Bg3 Qd5 18. Qd3 Rfe8 19. Rad1 Rad8 20. Rfe1 Ne4 21. Bc7 Rc8 22. Bg3 Rcd8 23. f3 Nxg3 24. hxg3 Re3 25. Qxe3 dxe3 26. Rxd5 Rxd5 27. Rxe3 Kg7 28. Rc3 c5 29. Kf2 Kf6 30. Ke2 h5 31. Rc4 Ke6 32. Ra4 Rd7 33. Ra6+ Kf5 1-0

[Event "BL2-Nord 1819"]
[Site "Germany"]
[Date "2018.11.11"]
[Round "2.8"]
[White "Dudzinski, Pawel"]
[Black "Steinhagen, Bernd"]
[Result "1/2-1/2"]
[WhiteElo "2198"]
[BlackElo "2254"]
[PlyCount "89"]
[EventDate "2018.11.10"]
[EventType "team-tourn"]
[EventRounds "10"]
[EventCountry "GER"]
[SourceTitle "CBM 190 Extra"]
[Source "ChessBase"]
[SourceDate "2019.07.15"]
[SourceVersion "1"]
[SourceVersionDate "2019.07.15"]
[SourceQuality "1"]
[WhiteTeam "Ruedersdorf Glueckauf"]
[BlackTeam "Berlin Rotation"]
[WhiteTeamCountry "GER"]
[BlackTeamCountry "GER"]

1. e4 c5 2. Nc3 Nc6 3. g3 g6 4. Bg2 Bg7 5. d3 Rb8 6. Be3 d6 7. Qd2 b5 8. f4 b4 9. Nd1 e6 10. Nf3 Qb6 11. 0-0 Nge7 12. h4 f5 13. h5 gxh5 14. Nh4 0-0 15. Bf3 Bb7 16. a3 Nd4 17. axb4 Nxf3+ 18. Nxf3 fxe4 19. Ng5 exd3 20. Nxe6 dxc2 21. Qxc2 Qc6 22. Kh2 Rf5 23. Nxg7 Kxg7 24. bxc5 dxc5 25. Rxa7 Ra8 26. Rxb7 Qxb7 27. Bxc5 Rc8 28. Qc3+ Kg8 29. b4 Nd5 30. Qc4 Qf7 31. Nf2 Nf6 32. Qe2 Re8 33. Qf3 Qd5 34. Qxd5+ Rxd5 35. Kh3 Re2 36. Kh4 Kf7 37. Nh3 Rh2 38. Re1 Kg6 39. Bg1 Rb2 40. Bc5 Kf5 41. Re7 Kg6 42. Re6 Kf5 43. Re7 Rh2 44. Bg1 Rb2 45. Bc5 1/2-1/2

[Event "BL2-Nord 1617"]
[Site "Germany"]
[Date "2016.10.16"]
[Round "1.6"]
[White "Steinhagen, Bernd"]
[Black "Luch, Michal"]
[Result "0-1"]
[WhiteElo "2273"]
[BlackElo "2432"]
[PlyCount "80"]
[EventDate "2016.10.16"]
[EventType "team-tourn"]
[EventRounds "9"]
[EventCountry "GER"]
[SourceTitle "CBM 175 Extra"]
[Source "ChessBase"]
[SourceDate "2016.12.12"]
[SourceVersion "1"]
[SourceVersionDate "2016.12.12"]
[SourceQuality "1"]
[WhiteTeam "Pankow Rotation"]
[BlackTeam "Zehlendorf"]
[WhiteTeamCountry "GER"]
[BlackTeamCountry "GER"]

1. c4 e6 2. Nc3 d5 3. cxd5 exd5 4. d4 c6 5. Nf3 Bf5 6. Bg5 Nf6 7. e3 Qb6 8. Qb3 Nbd7 9. Be2 Ne4 10. Nxe4 Bxe4 11. Qxb6 axb6 12. 0-0 b5 13. Nd2 Bg6 14. a3 Bd6 15. f3 f6 16. Bh4 0-0 17. Bf2 Rfe8 18. Rfd1 Nb6 19. e4 Bf4 20. Kf1 Bxd2 21. Rxd2 dxe4 22. fxe4 Bxe4 23. Re1 Bd5 24. Bg4 Rxe1+ 25. Bxe1 Re8 26. Kf2 Nc4 27. Re2 Rxe2+ 28. Kxe2 Nxb2 29. g3 Nc4 30. Bb4 Kf7 31. Kd3 Be6 32. Bf3 f5 33. Kc3 Nb6 34. Bd6 Bd5 35. Be2 Ke6 36. Bc7 Nd7 37. Kd2 Nf6 38. Bd3 Bc4 39. Bc2 Nd5 40. Bb8 b4 0-1

[Event "BL2-Nord 1516"]
[Site "Germany"]
[Date "2016.04.10"]
[Round "9.4"]
[White "Steinhagen, Bernd"]
[Black "Heinig, Wolfram"]
[Result "1/2-1/2"]
[WhiteElo "2304"]
[BlackElo "2278"]
[PlyCount "29"]
[EventDate "2015.09.19"]
[EventType "team-tourn"]
[EventRounds "9"]
[EventCountry "GER"]
[SourceTitle "EXT 2017"]
[Source "ChessBase"]
[SourceDate "2016.10.25"]
[SourceVersion "1"]
[SourceVersionDate "2016.10.25"]
[SourceQuality "1"]
[WhiteTeam "Pankow Rotation"]
[BlackTeam "Zehlendorf"]
[WhiteTeamCountry "GER"]
[BlackTeamCountry "GER"]

1. c4 c5 2. Nc3 g6 3. g3 Bg7 4. Bg2 Nc6 5. Nf3 e6 6. d4 cxd4 7. Nb5 d5 8. Nfxd4 Nge7 9. 0-0 0-0 10. cxd5 Nxd4 11. Nxd4 Nxd5 12. e4 Nc7 13. Be3 e5 14. Ne2 Ne6 15. Nc3 1/2-1/2

[Event "BL2-Nord 1516"]
[Site "Germany"]
[Date "2015.12.13"]
[Round "4.4"]
[White "Rudolf, Henrik"]
[Black "Steinhagen, Bernd"]
[Result "0-1"]
[WhiteElo "2340"]
[BlackElo "2304"]
[PlyCount "104"]
[EventDate "2015.09.19"]
[EventType "team-tourn"]
[EventRounds "9"]
[EventCountry "GER"]
[SourceTitle "EXT 2017"]
[Source "ChessBase"]
[SourceDate "2016.10.25"]
[SourceVersion "1"]
[SourceVersionDate "2016.10.25"]
[SourceQuality "1"]
[WhiteTeam "Rostock"]
[BlackTeam "Pankow Rotation"]
[WhiteTeamCountry "GER"]
[BlackTeamCountry "GER"]

1. e4 c5 2. Nf3 e6 3. d4 cxd4 4. Nxd4 Nf6 5. Nc3 d6 6. Be2 Be7 7. 0-0 a6 8. f4 Qc7 9. a4 b6 10. Bf3 Bb7 11. g4 Nc6 12. Nde2 d5 13. exd5 Bc5+ 14. Kg2 Rd8 15. g5 Nxd5 16. Nxd5 Rxd5 17. Bxd5 exd5 18. Ng3 0-0 19. h3 Nb4 20. Kh2 Nxc2 21. Rb1 Qc6 22. Nf5 Nb4 23. b3 Qg6 24. Qg4 Bc8 25. Nh6+ gxh6 26. f5 Qg7 27. gxh6 Qxg4 28. hxg4 Re8 29. Bf4 Nd3 30. Bc7 Re7 31. Bb8 f6 32. Rbd1 Nb4 33. Rfe1 Kf7 34. Rxe7+ Bxe7 35. Rc1 Bc5 36. a5 Bd7 37. Bc7 Be3 38. Re1 d4 39. axb6 Bc6 40. Bd6 Nc2 41. Rd1 Ke8 42. Kg3 Kd7 43. Bf4 Kc8 44. Bxe3 dxe3 45. Rd6 Bd5 46. b7+ Bxb7 47. g5 Bd5 48. Rxd5 e2 49. Rc5+ Kd7 50. Rxc2 e1Q+ 51. Rf2 fxg5 52. f6 Ke8 0-1

[Event "Oberliga Nord O 1415"]
[Site "Germany"]
[Date "2015.01.18"]
[Round "5.3"]
[White "Horn, Sven"]
[Black "Steinhagen, Bernd"]
[Result "1/2-1/2"]
[WhiteElo "2158"]
[BlackElo "2298"]
[PlyCount "49"]
[EventDate "2014.09.21"]
[EventType "team-tourn"]
[EventRounds "9"]
[EventCountry "GER"]
[SourceTitle "EXT 2016"]
[Source "ChessBase"]
[SourceDate "2015.10.08"]
[SourceVersion "1"]
[SourceVersionDate "2015.10.08"]
[SourceQuality "1"]
[WhiteTeam "Berlin Oberschoeneweide"]
[BlackTeam "Berlin Rotation"]
[WhiteTeamCountry "GER"]
[BlackTeamCountry "GER"]

1. e4 c5 2. Nf3 e6 3. d4 cxd4 4. Nxd4 Nf6 5. Nc3 d6 6. g4 a6 7. h3 Qc7 8. Bg2 Nc6 9. 0-0 Be7 10. a4 h6 11. Nxc6 bxc6 12. a5 e5 13. Be3 Rb8 14. b3 Be6 15. Qd3 Qb7 16. f4 exf4 17. Bxf4 Rd8 18. Ne2 d5 19. e5 Ne4 20. Be3 0-0 21. Kh2 Nc5 22. Qd2 Ne4 23. Qd3 Nc5 24. Qd2 Ne4 25. Qd3 1/2-1/2

[Event "Oberliga Nord O 1314"]
[Site "Germany"]
[Date "2013.11.20"]
[Round "3.4"]
[White "Pueschel, Werner"]
[Black "Steinhagen, Bernd"]
[Result "0-1"]
[WhiteElo "2104"]
[BlackElo "2291"]
[PlyCount "98"]
[EventDate "2013.10.13"]
[EventType "team-tourn"]
[EventRounds "9"]
[EventCountry "GER"]
[SourceTitle "EXT 2015"]
[Source "ChessBase"]
[SourceDate "2014.11.20"]
[SourceVersion "1"]
[SourceVersionDate "2014.11.20"]
[SourceQuality "1"]
[WhiteTeam "Steglitz Wilmersdorf"]
[BlackTeam "Pankow Rotation"]
[WhiteTeamCountry "GER"]
[BlackTeamCountry "GER"]

1. Nf3 d5 2. g3 Nf6 3. d3 e6 4. Bg2 Be7 5. 0-0 b6 6. c3 0-0 7. Qc2 Bb7 8. Nbd2 c5 9. Re1 Nc6 10. a3 Qc7 11. b3 Rad8 12. Bb2 Nd7 13. Rad1 b5 14. d4 Rc8 15. Rc1 Qb6 16. Qb1 b4 17. cxb4 cxd4 18. b5 Qxb5 19. Nxd4 Nxd4 20. Bxd4 e5 21. Bb2 d4 22. Rxc8 Rxc8 23. h4 Bxg2 24. Kxg2 Nf6 25. Rd1 Qc6+ 26. Kg1 Qc2 27. Qxc2 Rxc2 28. Nc4 Ne4 29. Kf1 Nc5 30. Rc1 Rxc1+ 31. Bxc1 Nxb3 32. Bb2 f6 33. Ke1 Kf7 34. Kd1 Ke6 35. Kc2 Nc5 36. Nd2 Kd5 37. f3 f5 38. h5 e4 39. g4 fxg4 40. fxg4 Bf6 41. Kd1 Bg5 42. Nf1 g6 43. hxg6 hxg6 44. e3 dxe3 45. Bc3 Kc4 46. Kc2 Bf4 47. Be1 Nd3 48. Bg3 e2 49. Nd2+ Kd5 0-1

[Event "Oberliga Nord O 1213"]
[Site "Germany"]
[Date "2012.12.09"]
[Round "4.6"]
[White "Lehmann, Rainer"]
[Black "Steinhagen, Bernd"]
[Result "1-0"]
[WhiteElo "2090"]
[BlackElo "2305"]
[PlyCount "101"]
[EventDate "2012.10.17"]
[EventType "team-tourn"]
[EventRounds "9"]
[EventCountry "GER"]
[SourceTitle "EXT 2015"]
[Source "ChessBase"]
[SourceDate "2014.11.20"]
[SourceVersion "1"]
[SourceVersionDate "2014.11.20"]
[SourceQuality "1"]
[WhiteTeam "Cottbus Lokomotive"]
[BlackTeam "Pankow Rotation"]
[WhiteTeamCountry "GER"]
[BlackTeamCountry "GER"]

1. c4 e6 2. g3 d5 3. Bg2 Nf6 4. Nf3 Be7 5. 0-0 0-0 6. b3 c5 7. Bb2 Nc6 8. d3 b6 9. Nbd2 Bb7 10. a3 d4 11. Qc2 Qc7 12. e4 Nd7 13. Rae1 Rae8 14. Bc1 f5 15. exf5 exf5 16. Re2 Bf6 17. Rxe8 Rxe8 18. Re1 Rxe1+ 19. Nxe1 Nce5 20. Bxb7 Qxb7 21. Qd1 g6 22. Qe2 Kf7 23. h3 Nf8 24. Ndf3 Qe7 25. Nxe5+ Qxe5 26. Qxe5 Bxe5 27. Nf3 Bd6 28. Bh6 Ne6 29. Ng5+ Nxg5 30. Bxg5 Ke6 31. Kg2 h5 32. Kf3 a6 33. a4 Bc7 34. Bh4 Kf7 35. Bg5 Ke6 36. g4 fxg4+ 37. hxg4 Kf7 38. Bh4 Ke6 39. Bg5 Kf7 40. Bh4 Ke6 41. gxh5 gxh5 42. Ke4 Be5 43. Bd8 Bd6 44. f4 Be7 45. Bxe7 Kxe7 46. Kf5 Kd6 47. Kg5 Ke6 48. f5+ Ke5 49. f6 Ke6 50. Kg6 h4 51. f7 1-0

[Event "BL2-Nord 1112"]
[Site "Germany"]
[Date "2012.04.15"]
[Round "9.8"]
[White "Schoetzig, Detlef"]
[Black "Steinhagen, Bernd"]
[Result "1/2-1/2"]
[WhiteElo "2138"]
[BlackElo "2315"]
[PlyCount "207"]
[EventDate "2011.10.02"]
[EventType "team-tourn"]
[EventRounds "9"]
[EventCountry "GER"]
[SourceTitle "EXT 2015"]
[Source "ChessBase"]
[SourceDate "2014.11.20"]
[SourceVersion "1"]
[SourceVersionDate "2014.11.20"]
[SourceQuality "1"]
[WhiteTeam "Werder Bremen II"]
[BlackTeam "Pankow Rotation"]
[WhiteTeamCountry "GER"]
[BlackTeamCountry "GER"]

1. Nf3 Nf6 2. d4 e6 3. Bg5 d5 4. Nbd2 Nbd7 5. e3 Be7 6. Be2 0-0 7. 0-0 b6 8. c4 Bb7 9. Rc1 c5 10. Qa4 cxd4 11. exd4 dxc4 12. Bxc4 a6 13. Qd1 b5 14. Bd3 Nd5 15. Bxe7 Qxe7 16. Ne4 Rac8 17. Qd2 Qb4 18. Nc3 Nxc3 19. bxc3 Qa3 20. Ng5 Nf6 21. Rfe1 h6 22. Ne4 Nxe4 23. Bxe4 Bxe4 24. Rxe4 Rc7 25. Rg4 Kh8 26. Rg3 Rfc8 27. h3 Rc4 28. Rc2 Qd6 29. Rb2 Qc7 30. Rb3 Rd8 31. Rd3 Qd6 32. f4 f6 33. Rb1 Kg8 34. Re1 Qd5 35. Rde3 Rc6 36. Qe2 Kf7 37. Qg4 b4 38. Rg3 Rg8 39. Qg6+ Ke7 40. f5 bxc3 41. Rge3 Qxd4 42. Kh1 Qxe3 43. Rxe3 c2 44. Re1 c1Q 45. Rxc1 Rxc1+ 46. Kh2 exf5 47. Qh7 Kf7 48. Qxf5 Rd8 49. Qa5 Rd6 50. Qh5+ Kf8 51. Qf3 Rcc6 52. Qb3 f5 53. Qb8+ Kf7 54. Qb3+ Re6 55. Qd5 Kg6 56. Qd3 Re4 57. Qg3+ Kf6 58. Qb8 Rce6 59. Qg3 Kf7 60. Qc7+ Kg6 61. Qg3+ Kh7 62. Qf3 R6e5 63. Qd3 a5 64. Kg1 a4 65. Kh2 Re2 66. Qb1 Rf2 67. Kh1 Ree2 68. a3 h5 69. Qd3 Kh6 70. Qd6+ Kh7 71. Qd3 Re4 72. Qd1 Rfe2 73. Qd5 Re5 74. Qf3 g6 75. Qb7+ Re7 76. Qb4 R2e4 77. Qd6 f4 78. Qf6 Rg7 79. Kh2 Rd7 80. Qc6 Red4 81. Qf6 Rd3 82. Qxf4 Rxa3 83. Qb4 Ra2 84. Qc4 Ra1 85. Qc3 Rad1 86. Qa5 R1d4 87. Qa6 Rf4 88. Kg3 Rb4 89. Kh2 Rbd4 90. Qa5 Rf4 91. Kg3 Re4 92. Kh2 Re2 93. Qxa4 Rdd2 94. Qa7+ Kh6 95. Kh1 Rxg2 96. Qe3+ Kh7 97. Qe7+ Kg8 98. Qe8+ Kg7 99. Qe7+ Kh6 100. Qe3+ Kh7 101. Qe7+ Kg8 102. Qe8+ Kh7 103. Qe7+ Kh6 104. Qe3+ 1/2-1/2

[Event "BL2-Nord 1112"]
[Site "Germany"]
[Date "2012.03.18"]
[Round "8.7"]
[White "Jauk, Wilhelm"]
[Black "Steinhagen, Bernd"]
[Result "1/2-1/2"]
[WhiteElo "2181"]
[BlackElo "2315"]
[PlyCount "129"]
[EventDate "2011.10.02"]
[EventType "team-tourn"]
[EventRounds "9"]
[EventCountry "GER"]
[SourceTitle "EXT 2015"]
[Source "ChessBase"]
[SourceDate "2014.11.20"]
[SourceVersion "1"]
[SourceVersionDate "2014.11.20"]
[SourceQuality "1"]
[WhiteTeam "Oberschoeneweide"]
[BlackTeam "Pankow Rotation"]
[WhiteTeamCountry "GER"]
[BlackTeamCountry "GER"]

1. d4 Nf6 2. c4 e6 3. Nc3 d5 4. e3 Be7 5. Nf3 0-0 6. Bd3 dxc4 7. Bxc4 a6 8. a4 c5 9. 0-0 Nc6 10. h3 b6 11. dxc5 Bxc5 12. Qe2 Bb7 13. Rd1 Qc7 14. Bd2 Rfd8 15. Be1 Nb4 16. Rxd8+ Rxd8 17. Rd1 h6 18. Rxd8+ Qxd8 19. Na2 Nxa2 20. Bxa2 Qa8 21. Bc3 Nd5 22. Be5 Nb4 23. Bc4 Bd5 24. Bc3 Bb7 25. Qd1 Nd5 26. Be5 Qc8 27. Qe2 Nb4 28. Nd4 Bf8 29. e4 Qc5 30. Nf3 Qc6 31. Bd4 Bc5 32. Ne5 Qxe4 33. Qxe4 Bxe4 34. Bxc5 bxc5 35. Nd7 Bd3 36. Bxd3 Nxd3 37. Kf1 f6 38. Ke2 c4 39. Kd2 Nxb2 40. Nc5 Kf7 41. Kc3 Nd3 42. Nxa6 Ke7 43. Kxc4 Nxf2 44. Nc5 Nd1 45. a5 Ne3+ 46. Kb5 Nd5 47. Kc6 Nb4+ 48. Kb5 Nd5 49. a6 Nc7+ 50. Kc6 Nxa6 51. Nxa6 g5 52. Nc5 h5 53. Nd3 h4 54. Kc5 Kf7 55. Kd6 e5 56. Nf2 Kg6 57. Ke6 e4 58. Nxe4 f5 59. Nf2 g4 60. hxg4 fxg4 61. Nxg4 Kg5 62. Nh2 Kf4 63. Nf1 Kg4 64. Ke5 h3 65. gxh3+ 1/2-1/2

[Event "BL2-Nord 1112"]
[Site "Germany"]
[Date "2012.02.26"]
[Round "7.8"]
[White "Rahls, Peter"]
[Black "Steinhagen, Bernd"]
[Result "1-0"]
[WhiteElo "2244"]
[BlackElo "2315"]
[PlyCount "116"]
[EventDate "2011.10.02"]
[EventType "team-tourn"]
[EventRounds "9"]
[EventCountry "GER"]
[SourceTitle "EXT 2015"]
[Source "ChessBase"]
[SourceDate "2014.11.20"]
[SourceVersion "1"]
[SourceVersionDate "2014.11.20"]
[SourceQuality "1"]
[WhiteTeam "Zehlendorf"]
[BlackTeam "Pankow Rotation"]
[WhiteTeamCountry "GER"]
[BlackTeamCountry "GER"]

1. e4 c5 2. c3 d5 3. exd5 Qxd5 4. d4 Nf6 5. Nf3 Bg4 6. Nbd2 Nc6 7. Bc4 Qd6 8. Qb3 0-0-0 9. 0-0 e6 10. Bb5 Bh5 11. Nc4 Qd5 12. Bxc6 Qxc6 13. Nfe5 Qa6 14. Bf4 Nd5 15. Bg3 f6 16. Nf3 Bxf3 17. gxf3 h5 18. h4 g5 19. Rfe1 Rg8 20. Kh1 gxh4 21. Bh2 Bh6 22. dxc5 Bf4 23. Nd6+ Rxd6 24. cxd6 Qxd6 25. Qc4+ Kb8 26. Bxf4 Nxf4 27. Rad1 Nd5 28. Qe4 Rg5 29. Rg1 f5 30. Qxh4 Rxg1+ 31. Kxg1 b5 32. Qxh5 Qe7 33. Qh8+ Kb7 34. Qe5 Nc7 35. Kf1 Qh7 36. Ke2 Nd5 37. Rd4 Qd7 38. Kd2 a6 39. b3 Qc6 40. Rh4 Nc7 41. Rh7 Kb6 42. Rxc7 Qxc7 43. Qxe6+ Ka7 44. Qxf5 Qd6+ 45. Kc2 b4 46. Qd3 Qe6 47. Qd4+ Kb8 48. Qxb4+ Ka7 49. Qd4+ Kb8 50. f4 Qg6+ 51. Kb2 Kb7 52. a4 Qh5 53. Qe4+ Kb6 54. f5 Kc5 55. Qe6 a5 56. f6 Qh2 57. Qe3+ Kd5 58. f7 Qb8 1-0

[Event "BL2-Nord 1011"]
[Site "Germany"]
[Date "2011.04.10"]
[Round "9.5"]
[White "Knuth, Hannes"]
[Black "Steinhagen, Bernd"]
[Result "0-1"]
[WhiteElo "2282"]
[BlackElo "2324"]
[PlyCount "96"]
[EventDate "2010.10.10"]
[EventType "team-tourn"]
[EventRounds "9"]
[EventCountry "GER"]
[SourceTitle "EXT 2012"]
[Source "ChessBase"]
[SourceDate "2011.11.24"]
[SourceVersion "1"]
[SourceVersionDate "2011.11.24"]
[SourceQuality "1"]
[WhiteTeam "Neukloster"]
[BlackTeam "Pankow Rotation"]
[WhiteTeamCountry "GER"]
[BlackTeamCountry "GER"]

1. d4 Nf6 2. c4 e6 3. Nc3 d5 4. Bg5 Nbd7 5. e3 Be7 6. Qc2 0-0 7. cxd5 exd5 8. Bd3 c6 9. Nge2 Re8 10. 0-0 Nf8 11. Rad1 Nh5 12. Bxe7 Qxe7 13. Kh1 Qh4 14. g3 Qf6 15. Kg2 Qh6 16. Ng1 Ne6 17. f4 g6 18. Qf2 Neg7 19. h3 Nf6 20. Rde1 Bf5 21. Bxf5 Nxf5 22. g4 Nh4+ 23. Kg3 Ne4+ 24. Nxe4 Rxe4 25. Kh2 Rae8 26. Re2 f5 27. g5 Qh5 28. Rd1 h6 29. gxh6 Qxh6 30. Qg3 Qh5 31. Rd3 Kg7 32. Rf2 R8e7 33. Ra3 a6 34. Rb3 Kf6 35. Ne2 g5 36. Nc3 R4e6 37. Na4 Ng6 38. fxg5+ Qxg5 39. Rf3 Nh4 40. Rf2 Rxe3 41. Rxe3 Rxe3 42. Qxg5+ Kxg5 43. Nc5 f4 44. Nxb7 Rg3 45. Rf1 Nf3+ 46. Kh1 Nxd4 47. h4+ Kg4 48. h5 Nf3 0-1

[Event "BL2-Nord 1011"]
[Site "Germany"]
[Date "2010.10.24"]
[Round "2.5"]
[White "Holzapfel, Daniel"]
[Black "Steinhagen, Bernd"]
[Result "1/2-1/2"]
[WhiteElo "2296"]
[BlackElo "2324"]
[PlyCount "62"]
[EventDate "2010.10.10"]
[EventType "team-tourn"]
[EventRounds "9"]
[EventCountry "GER"]
[SourceTitle "EXT 2012"]
[Source "ChessBase"]
[SourceDate "2011.11.24"]
[SourceVersion "1"]
[SourceVersionDate "2011.11.24"]
[SourceQuality "1"]
[WhiteTeam "Kreuzberg"]
[BlackTeam "Pankow Rotation"]
[WhiteTeamCountry "GER"]
[BlackTeamCountry "GER"]

1. d4 d5 2. c4 e6 3. Nf3 Nf6 4. Nc3 Be7 5. Bg5 Nbd7 6. e3 0-0 7. Rc1 a6 8. cxd5 exd5 9. Bd3 Re8 10. 0-0 c6 11. Qb3 Ne4 12. Bf4 Ndf6 13. Qc2 Bd6 14. Bxd6 Qxd6 15. Ne5 Bf5 16. a3 Bg6 17. Nxg6 hxg6 18. Nxe4 Nxe4 19. b4 g5 20. Bxe4 Rxe4 21. Qc5 Qh6 22. Qb6 Re7 23. a4 g6 24. b5 axb5 25. axb5 Kg7 26. bxc6 Rh8 27. h3 bxc6 28. Qxc6 g4 29. Qd6 Re6 30. Qg3 gxh3 31. gxh3 Qxh3 1/2-1/2

[Event "Rostock SSC 07 op 09th"]
[Site "Rostock"]
[Date "2010.08.14"]
[Round "6"]
[White "Stiemerling, Wilfried"]
[Black "Steinhagen, Bernd"]
[Result "1/2-1/2"]
[WhiteElo "2203"]
[BlackElo "2322"]
[PlyCount "20"]
[EventDate "2010.08.11"]
[EventType "swiss"]
[EventRounds "7"]
[EventCountry "GER"]
[SourceTitle "EXT 2017"]
[Source "ChessBase"]
[SourceDate "2016.10.25"]
[SourceVersion "1"]
[SourceVersionDate "2016.10.25"]
[SourceQuality "1"]

1. d4 d5 2. Nf3 Nf6 3. c4 e6 4. Nc3 Be7 5. cxd5 exd5 6. Bg5 c6 7. e3 Bf5 8. Bd3 Bxd3 9. Qxd3 Nbd7 10. 0-0 0-0 1/2-1/2

[Event "Rostock SSC 07 op 09th"]
[Site "Rostock"]
[Date "2010.08.11"]
[Round "1"]
[White "Steinhagen, Bernd"]
[Black "Vladov, Mark"]
[Result "1-0"]
[WhiteElo "2322"]
[BlackElo "1900"]
[PlyCount "47"]
[EventDate "2010.08.11"]
[EventType "swiss"]
[EventRounds "7"]
[EventCountry "GER"]
[SourceTitle "EXT 2017"]
[Source "ChessBase"]
[SourceDate "2016.10.25"]
[SourceVersion "1"]
[SourceVersionDate "2016.10.25"]
[SourceQuality "1"]

1. c4 c5 2. Nc3 Nf6 3. e4 Nc6 4. g3 g6 5. Bg2 Bg7 6. Nge2 0-0 7. 0-0 d6 8. d3 Bd7 9. h3 Ne8 10. Be3 Nd4 11. f4 Rb8 12. Qd2 f5 13. Bf2 Nc7 14. exf5 gxf5 15. Rae1 e5 16. Nxd4 cxd4 17. Nd5 Ne6 18. Re2 a5 19. Rfe1 Nc5 20. fxe5 dxe5 21. Rxe5 Bxe5 22. Rxe5 Ne6 23. Qh6 Ng5 24. Ne7+ 1-0

[Event "Oberliga Nord O 0910"]
[Site "Germany"]
[Date "2010.01.24"]
[Round "5.5"]
[White "Roth, Josef"]
[Black "Steinhagen, Bernd"]
[Result "0-1"]
[WhiteElo "2128"]
[BlackElo "2318"]
[PlyCount "78"]
[EventDate "2009.10.18"]
[EventType "team-tourn"]
[EventRounds "9"]
[EventCountry "GER"]
[SourceTitle "EXT 2011"]
[Source "ChessBase"]
[SourceDate "2010.11.26"]
[SourceVersion "1"]
[SourceVersionDate "2010.11.26"]
[SourceQuality "1"]
[WhiteTeam "Koenig Tegel"]
[BlackTeam "Pankow Rotation"]
[WhiteTeamCountry "GER"]
[BlackTeamCountry "GER"]

1. e4 c5 2. Nf3 Nc6 3. d4 cxd4 4. Nxd4 Nf6 5. Nc3 e6 6. Nxc6 bxc6 7. e5 Nd5 8. Ne4 Qc7 9. f4 Qb6 10. Bd3 Ba6 11. c4 Qd4 12. cxd5 Bxd3 13. Nc3 Bc5 14. Qf3 cxd5 15. Bd2 Rb8 16. b3 Bb4 17. Rc1 Rc8 18. Qf2 Rxc3 19. Qxd4 Rxc1+ 20. Kf2 Bc5 21. Rxc1 Bxd4+ 22. Be3 Bxe3+ 23. Kxe3 Ba6 24. Rc7 Ke7 25. Rxa7 Bf1 26. g3 Rb8 27. Kd4 Bb5 28. Ra5 Bc6 29. Rc5 Rb4+ 30. Kd3 d4 31. Rc1 Bb5+ 32. Kd2 d6 33. Rc7+ Bd7 34. Kd3 dxe5 35. fxe5 f6 36. Ke4 fxe5 37. Kxe5 d3 38. Rc3 d2 39. Rd3 Bc6 0-1

[Event "Oberliga Nord O 0910"]
[Site "Germany"]
[Date "2009.11.29"]
[Round "3.5"]
[White "Wischhoefer, Cord"]
[Black "Steinhagen, Bernd"]
[Result "0-1"]
[WhiteElo "2176"]
[BlackElo "2318"]
[PlyCount "76"]
[EventDate "2009.10.18"]
[EventType "team-tourn"]
[EventRounds "9"]
[EventCountry "GER"]
[SourceTitle "EXT 2011"]
[Source "ChessBase"]
[SourceDate "2010.11.26"]
[SourceVersion "1"]
[SourceVersionDate "2010.11.26"]
[SourceQuality "1"]
[WhiteTeam "Weisse Dame"]
[BlackTeam "Pankow Rotation"]
[WhiteTeamCountry "GER"]
[BlackTeamCountry "GER"]

1. Nf3 Nf6 2. c4 e6 3. g3 d5 4. d4 Nbd7 5. Bg2 Be7 6. 0-0 0-0 7. Qc2 c6 8. Nbd2 b5 9. b3 bxc4 10. bxc4 Ba6 11. Bb2 c5 12. dxc5 Rc8 13. Rfc1 Bxc5 14. Bxf6 Nxf6 15. Qa4 Qd6 16. cxd5 Bxe2 17. dxe6 fxe6 18. Re1 Bd3 19. Bf1 Bc2 20. Qh4 Qb6 21. g4 Nd5 22. Nc4 Qb7 23. Rac1 Bg6 24. Nce5 Nf4 25. Rxc5 Rxc5 26. Ng5 Rxe5 27. Rxe5 Qb2 28. Re3 Qxa2 29. Qg3 Qd5 30. Nf3 Be4 31. h4 Nh3+ 32. Qxh3 Bxf3 33. Qg3 a5 34. Re5 Qd1 35. Rxe6 Bxg4 36. Rd6 Qf3 37. Bc4+ Kh8 38. Ra6 Qd1+ 0-1

[Event "Rostock op"]
[Site "Rostock"]
[Date "2009.08.29"]
[Round "6"]
[White "Steinhagen, Bernd"]
[Black "Wolke, Heiko"]
[Result "1-0"]
[WhiteElo "2318"]
[BlackElo "2012"]
[PlyCount "71"]
[EventDate "2009.08.27"]
[EventType "swiss"]
[EventRounds "7"]
[EventCountry "GER"]
[SourceTitle "CBM 132 Extra"]
[Source "ChessBase"]
[SourceDate "2009.11.03"]
[SourceVersion "1"]
[SourceVersionDate "2009.11.03"]
[SourceQuality "1"]

1. c4 e5 2. Nc3 Nf6 3. g3 Be7 4. Bg2 0-0 5. Nf3 Nc6 6. d4 exd4 7. Nxd4 Bb4 8. 0-0 Bxc3 9. bxc3 Re8 10. Rb1 Ne4 11. Qc2 Nxd4 12. cxd4 d5 13. cxd5 Bf5 14. g4 Bg6 15. f4 f5 16. Rxb7 Qf6 17. g5 Qxd4+ 18. e3 Qxd5 19. Rxc7 Red8 20. Bb2 Rd7 21. Rxd7 Qxd7 22. Rd1 Qe7 23. Qd3 Bf7 24. a3 Rb8 25. Qd4 Be8 26. Rc1 Rd8 27. Qe5 Qxe5 28. Bxe5 Kf7 29. Bd4 a6 30. Bf1 Ke6 31. Bxa6 h6 32. h4 hxg5 33. hxg5 g6 34. Rc7 Ra8 35. Bc4+ Kd6 36. Be5# 1-0